[Event "Aktiv-Alliancen 2001"]
[Site "Taastrup"]
[Date "2001.01.27"]
[Round "5"]
[White "Zyde, Fadmal"]
[Black "Al Saad, Mofid"]
[Result "1/2-1/2"]
[WhiteElo "1700"]
[BlackElo "1515"]
[PlyCount "80"]
[EventDate "2001.??.??"]

1. Nf3 Nf6 2. Nc3 d5 3. d4 g6 4. Qd3 Bg7 5. Ne5 O-O 6. f4 c5 7. dxc5 d4 8. Nd1
Qa5+ 9. c3 Bf5 10. Qxd4 Nc6 11. Nxc6 bxc6 12. Qb4 Qc7 13. e3 Bc2 14. Nf2 Rab8
15. Qc4 Rfd8 16. Be2 Bf5 17. O-O Be6 18. Qa4 Nd7 19. Ne4 f5 20. Ng5 Bd5 21. Qa3
h6 22. Nf3 a5 23. c4 Bf7 24. Rb1 a4 25. b4 axb3 26. axb3 Ra8 27. Qb4 Rdb8 28.
Qd2 Nxc5 29. b4 Ne4 30. Qe1 Ra2 31. Nd4 e5 32. fxe5 Bxe5 33. Qh4 Kh7 34. Rxf5
Rxe2 35. Rxf7+ Qxf7 36. Nxe2 Re8 37. c5 Qa2 38. Qg4 Nf6 39. Qf3 Qxb1 40. Qxc6
Qxb4 1/2-1/2

[Event "Aktiv-Alliancen 2001"]
[Site "Taastrup"]
[Date "2001.01.27"]
[Round "5"]
[White "Tolstrup, Thomas"]
[Black "Holst, Thorsten"]
[Result "1-0"]
[WhiteElo "1948"]
[BlackElo "1535"]
[PlyCount "59"]
[EventDate "2001.??.??"]

1. c4 Nf6 2. Nf3 e6 3. g3 d5 4. d4 Be7 5. Bg2 O-O 6. O-O c6 7. Qc2 Nbd7 8. Nbd2
dxc4 9. Nxc4 c5 10. Rd1 cxd4 11. Nxd4 Bc5 12. Nb5 Qe7 13. Nbd6 Nb6 14. Bg5 Nxc4
15. Nxc4 Bxf2+ 16. Kh1 h6 17. Bxf6 Qxf6 18. Rf1 Qd4 19. e3 Bxe3 20. Rad1 Qc5
21. b4 Qxb4 22. Nxe3 Qb6 23. Qd3 Bd7 24. Qxd7 Qxe3 25. Rf3 Qe2 26. Rdf1 Rac8
27. Qxb7 Rc2 28. Rxf7 Qxg2+ 29. Qxg2 Rxf7 30. Qa8+ 1-0

[Event "Aktiv-Alliancen 2001"]
[Site "Taastrup"]
[Date "2001.01.27"]
[Round "5"]
[White "Hau, Helge"]
[Black "Simonsen, Per"]
[Result "1-0"]
[WhiteElo "1479"]
[BlackElo "1852"]
[PlyCount "118"]
[EventDate "2001.??.??"]

1. f4 d5 2. Nf3 c5 3. e3 Nc6 4. Bb5 a6 5. Bxc6+ bxc6 6. O-O Nf6 7. Ne5 Qc7 8.
d3 e6 9. Nd2 Bd6 10. Ndf3 Nd7 11. Nxd7 Bxd7 12. Qe1 f6 13. Bd2 e5 14. Ba5 Qb8
15. b3 exf4 16. exf4+ Kf7 17. g3 Re8 18. Qd2 Bg4 19. c4 Ra7 20. Qf2 Rae7 21.
Rae1 d4 22. Rxe7+ Rxe7 23. Re1 Qe8 24. Rxe7+ Qxe7 25. Bd2 Qe6 26. Ne1 h5 27. h4
Ke7 28. Nf3 Bf5 29. Ne1 Kd7 30. Kf1 Bh3+ 31. Kg1 Bc7 32. Qf3 Bg4 33. Qe4 Bf5
34. Qxe6+ Kxe6 35. a4 a5 36. Kf2 Bg4 37. Nf3 Bf5 38. Ne1 Bh7 39. Kf3 Bf5 40.
Kf2 Bh3 41. Nf3 Kf5 42. Bc1 Kg4 43. Ba3 Bb6 44. Nd2 Kf5 45. Ne4 Bg4 46. Bxc5
Bxc5 47. Nxc5 Bd1 48. Ke1 Bf3 49. Nb7 Kg4 50. Kf2 Bd1 51. Nxa5 c5 52. Nb7 Bxb3
53. Nxc5 Bd1 54. a5 Bf3 55. Ne6 Bb7 56. Nxd4 g5 57. fxg5 fxg5 58. hxg5 Kxg5 59.
c5 Kf6 1-0

[Event "Aktiv-Alliancen 2001"]
[Site "Taastrup"]
[Date "2001.01.27"]
[Round "5"]
[White "Jensen, Jan Kargaard"]
[Black "Sandbech, Ted"]
[Result "1/2-1/2"]
[WhiteElo "1502"]
[BlackElo "1691"]
[PlyCount "106"]
[EventDate "2001.??.??"]

1. d4 d5 2. Nf3 c5 3. e3 Bg4 4. Be2 Nf6 5. Nbd2 e6 6. c3 cxd4 7. exd4 Be7 8.
Ne5 Bxe2 9. Qxe2 O-O 10. O-O Nbd7 11. f4 Rc8 12. Nxd7 Qxd7 13. Nf3 Ne4 14. Ne5
Qd6 15. f5 f6 16. Ng6 Rfe8 17. Nxe7+ Rxe7 18. Qh5 exf5 19. Qxf5 Rce8 20. Bf4
Qe6 21. Qxe6+ Rxe6 22. c4 dxc4 23. Rac1 b5 24. Rfd1 R6e7 25. a4 a6 26. axb5
axb5 27. d5 Rd7 28. d6 Red8 29. Rd5 g5 30. Bg3 Nxg3 31. hxg3 Rxd6 32. Rxb5 Rd1+
33. Rxd1 Rxd1+ 34. Kf2 Rb1 35. Rb4 c3 36. bxc3 Rc1 37. Rc4 Kf7 38. g4 Ke6 39.
Rc6+ Ke5 40. Rc5+ Ke4 41. Rc4+ Kd3 42. Rc6 Rxc3 43. Rxf6 Rc7 44. Rf5 Rg7 45.
Kf3 Kd4 46. Rf8 Ke5 47. Rf5+ Ke6 48. Ke4 Rg6 49. Re5+ Kf6 50. Rd5 Kg7 51. Kf5
Kh6 52. Ra5 Rb6 53. Ra7 Rg6 1/2-1/2

[Event "Aktiv-Alliancen 2001"]
[Site "Taastrup"]
[Date "2001.01.27"]
[Round "5"]
[White "Carlsen, Tonny"]
[Black "Holtzmann, Sonny"]
[Result "1/2-1/2"]
[WhiteElo "1443"]
[BlackElo "1665"]
[PlyCount "39"]
[EventDate "2001.??.??"]

1. d4 Nf6 2. c4 g6 3. Nc3 d5 4. cxd5 Nxd5 5. e4 Nxc3 6. bxc3 Bg7 7. Qb3 O-O 8.
Nf3 c5 9. Bb2 cxd4 10. cxd4 e6 11. Be2 Nc6 12. Rd1 Qb6 13. O-O Rd8 14. e5 Bd7
15. Ng5 h6 16. Ne4 Ne7 17. Bc4 Qxb3 18. Bxb3 Bc6 19. Nc3 Nd5 20. Nxd5 1/2-1/2

[Event "Aktiv-Alliancen 2001"]
[Site "Taastrup"]
[Date "2001.01.27"]
[Round "5"]
[White "Jensen, Dan Bronnum"]
[Black "Foslund, Peter"]
[Result "0-1"]
[WhiteElo "1364"]
[BlackElo "1649"]
[PlyCount "82"]
[EventDate "2001.??.??"]

1. d4 Nf6 2. c4 c6 3. Nc3 d5 4. cxd5 cxd5 5. Nf3 e6 6. Bg5 Be7 7. e3 O-O 8. Bd3
h6 9. Bf4 a6 10. O-O Nc6 11. a3 b5 12. Ne5 Nxe5 13. Bxe5 Nd7 14. Bg3 f5 15. Ne2
Nf6 16. Nf4 Qe8 17. Rc1 Bd7 18. f3 g5 19. Ne2 Rc8 20. Qd2 Qd8 21. Rxc8 Bxc8 22.
Rc1 Bd6 23. Bxd6 Qxd6 24. Rc2 Bd7 25. Qc1 Ra8 26. Qe1 e5 27. dxe5 Qxe5 28. Qf2
Re8 29. Ng3 f4 30. Nf1 fxe3 31. Qe2 d4 32. Qe1 Bf5 33. Bxf5 Qxf5 34. Rc6 Re6
35. Rc8+ Kf7 36. Qb4 e2 37. Qe1 exf1=Q+ 38. Qxf1 d3 39. Rd8 Qc5+ 40. Kh1 Qc2
41. Rxd3 Qxd3 0-1

[Event "Aktiv-Alliancen 2001"]
[Site "Taastrup"]
[Date "2001.01.27"]
[Round "5"]
[White "Nielsen, Jens Holm"]
[Black "Pedersen, Ole"]
[Result "1-0"]
[WhiteElo "2071"]
[BlackElo "1459"]
[PlyCount "75"]
[EventDate "2001.??.??"]

1. b4 e5 2. Bb2 d6 3. e3 Nd7 4. c4 b6 5. d4 Bb7 6. Nf3 Qe7 7. Nc3 Ngf6 8. Nb5
Nb8 9. Be2 a6 10. Nc3 Nbd7 11. O-O g6 12. dxe5 dxe5 13. a3 Bg7 14. Qc2 O-O 15.
e4 c5 16. Rfd1 Rfd8 17. Nd5 Nxd5 18. cxd5 cxb4 19. d6 Qe8 20. axb4 b5 21. Ne1
Rac8 22. Qb3 Nb6 23. f3 Nc4 24. Bxc4 Rxc4 25. Rac1 Rxc1 26. Bxc1 Qc6 27. Qc2
Qb6+ 28. Qc5 Qc6 29. Be3 h6 30. Nc2 Kh7 31. Qxc6 Bxc6 32. Bb6 Rd7 33. Na1 Bf8
34. Bc7 Kg7 35. Nb3 f6 36. Nc5 Kf7 37. Nxa6 f5 38. Nb8 1-0

[Event "Aktiv-Alliancen 2001"]
[Site "Taastrup"]
[Date "2001.01.27"]
[Round "5"]
[White "Hansen, Alexei"]
[Black "Madhy, Nezar"]
[Result "0-1"]
[WhiteElo "1095"]
[BlackElo "1650"]
[PlyCount "160"]
[EventDate "2001.??.??"]

1. e4 c5 2. d4 cxd4 3. c3 dxc3 4. Nxc3 e6 5. Bc4 Nc6 6. Nf3 Bc5 7. O-O Nge7 8.
Qe2 O-O 9. e5 Nd4 10. Nxd4 Bxd4 11. Nb5 Nc6 12. Bf4 a6 13. Nd6 f6 14. exf6 Bxf6
15. Rfd1 Qb6 16. Rab1 Bd4 17. Bg3 Qd8 18. Kh1 Bc5 19. Ne4 Nd4 20. Qe3 Ba7 21.
Nd6 Nf5 22. Qe2 Nxg3+ 23. fxg3 Rf2 24. Qh5 g6 25. Qh6 Qe7 26. Ne4 Rf5 27. g4
Re5 28. Qf4 Bb8 29. Qf6 Qxf6 30. Nxf6+ Kg7 31. Nxd7 Re4 32. Rbc1 b5 33. Bxb5
Bxd7 34. Bxd7 Bf4 35. Rc3 Rb8 36. b3 Re2 37. Rf1 Rxa2 38. Bxe6 Re8 39. Rcf3
Rxe6 40. Rxf4 Ree2 41. Rg1 Reb2 42. b4 Ra4 43. Rc1 Raxb4 44. Rxb4 Rxb4 45. Ra1
a5 46. g3 a4 47. Kg1 Rxg4 48. Kf2 Kf6 49. Ke3 Ke5 50. Kd3 Kd5 51. Ra2 Kc5 52.
Kc3 Rc4+ 53. Kd3 Rb4 54. Rf2 a3 55. Kc3 Rb2 56. Rxb2 axb2 57. Kxb2 Kd4 58. Kb3
Ke3 59. Kc4 Kf3 60. Kd4 Kg2 61. Ke4 Kxh2 62. g4 Kg3 63. g5 Kg4 64. Ke3 Kxg5 65.
Kf2 Kg4 66. Kg2 h5 67. Kf2 h4 68. Kg2 h3+ 69. Kh2 g5 70. Kg1 Kf3 71. Kh1 g4 72.
Kg1 g3 73. Kf1 h2 74. Ke1 Ke3 75. Kd1 Kd3 76. Kc1 h1=Q+ 77. Kb2 Qc6 78. Kb3
Qb6+ 79. Ka4 Kc4 80. Ka3 Qb3# 0-1

[Event "Aktiv-Alliancen 2001"]
[Site "Taastrup"]
[Date "2001.01.27"]
[Round "5"]
[White "Thomsen, Viggo"]
[Black "Foslund, Kasper"]
[Result "0-1"]
[WhiteElo "1537"]
[BlackElo "1381"]
[PlyCount "84"]
[EventDate "2001.??.??"]

1. d4 d5 2. c4 e6 3. Nc3 Nf6 4. Bg5 Be7 5. Nf3 b6 6. e3 Bb7 7. cxd5 Nxd5 8.
Bxe7 Qxe7 9. Bd3 Nf6 10. O-O O-O 11. Re1 Nbd7 12. Rc1 c5 13. e4 cxd4 14. Nxd4
Nc5 15. e5 Nd5 16. Nxd5 Bxd5 17. Bb1 Rfd8 18. Qc2 g6 19. Nb5 a6 20. Nd6 Nb7 21.
Nxb7 Qxb7 22. f4 b5 23. Qf2 Rac8 24. Rxc8 Rxc8 25. a3 Qc7 26. h4 Qc5 27. Qxc5
Rxc5 28. Kf2 Rc4 29. g3 Kf8 30. Bd3 Rc6 31. Re2 Bb3 32. Kf3 Bd1 33. Ke3 Bxe2
34. Bxe2 Rc2 35. a4 Rxb2 36. axb5 axb5 37. g4 Rb1 38. h5 b4 39. hxg6 hxg6 40.
Bd3 Rg1 41. Be2 b3 42. f5 b2 0-1

[Event "Aktiv-Alliancen 2001"]
[Site "Taastrup"]
[Date "2001.01.27"]
[Round "5"]
[White "Christensen, Aage Niels"]
[Black "Jacobsen, Jesper Howalt"]
[Result "1-0"]
[WhiteElo "1466"]
[BlackElo "1304"]
[PlyCount "45"]
[EventDate "2001.??.??"]

1. e4 Nc6 2. Nf3 d6 3. d4 e6 4. Nc3 Nf6 5. Bg5 Be7 6. Qd2 d5 7. e5 Ne4 8. Nxe4
dxe4 9. Bxe7 Qxe7 10. Ng5 f5 11. Be2 h6 12. Bh5+ Kf8 13. Nh3 g5 14. O-O Kg7 15.
f3 exf3 16. Rxf3 g4 17. Rg3 Kh7 18. Nf4 Bd7 19. c3 Be8 20. Qc2 Bxh5 21. Nxh5
Qf7 22. Nf6+ Kg6 23. Rxg4# 1-0

[Event "Aktiv-Alliancen 2001"]
[Site "Taastrup"]
[Date "2001.01.27"]
[Round "5"]
[White "Helleberg, Jorgen"]
[Black "Leopold, Claus Ulrich"]
[Result "1-0"]
[WhiteElo "1453"]
[BlackElo "1296"]
[PlyCount "121"]
[EventDate "2001.??.??"]

1. d4 d5 2. Nf3 Nf6 3. Bf4 e6 4. e3 c5 5. c3 Nc6 6. Nbd2 a6 7. Be2 Be7 8. O-O
O-O 9. h3 b5 10. a4 b4 11. c4 Na5 12. Ne5 Qb6 13. dxc5 Bxc5 14. Bd3 Bb7 15. Bg5
dxc4 16. Bxf6 cxd3 17. Qg4 g6 18. Nd7 Qc6 19. Nxf8 Bxf8 20. Rfc1 Qd6 21. Bd4
Qd5 22. f3 e5 23. Bb6 f5 24. Qh4 Nc6 25. Qc4 Qxc4 26. Rxc4 Bg7 27. Rb1 Re8 28.
b3 e4 29. f4 Bc3 30. Rd1 Re7 31. Nb1 Bb2 32. Bc5 Rd7 33. Bxb4 Nxb4 34. Rxb4 Bd5
35. Nd2 Rc7 36. Rb8+ Kg7 37. Rb6 Rc3 38. Kh2 Rc2 39. Rd6 Bf7 40. Rxa6 Bc3 41.
Nb1 Bxb3 42. Nxc3 Rxc3 43. Rd2 Bc2 44. a5 Rb3 45. Ra7+ Kg8 46. a6 Rb1 47. Rd7
Ba4 48. Rd8+ Kg7 49. a7 Bc6 50. Ra2 g5 51. Kg3 gxf4+ 52. Kxf4 Rf1+ 53. Ke5 f4
54. a8=Q Bxa8 55. Ra7+ Kg6 56. Rg8+ Kh6 57. Ra6+ Kh5 58. Ra7 h6 59. Ra5 d2 60.
Kd4+ Kh4 61. Rg4# 1-0

[Event "Aktiv-Alliancen 2001"]
[Site "Taastrup"]
[Date "2001.01.27"]
[Round "5"]
[White "Rosenkilde, Alexander"]
[Black "Nielsen, Richard Hjort"]
[Result "1-0"]
[WhiteElo "1195"]
[BlackElo "1453"]
[PlyCount "69"]
[EventDate "2001.??.??"]

1. e4 c5 2. d4 cxd4 3. c3 dxc3 4. Nxc3 d6 5. Bc4 Nf6 6. Nf3 e6 7. e5 Ng4 8.
exd6 Bxd6 9. O-O Nxh2 10. Bb5+ Nc6 11. Nxh2 Bxh2+ 12. Kxh2 Qh4+ 13. Kg1 O-O 14.
Bxc6 bxc6 15. Qf3 Ba6 16. Rd1 Qc4 17. Be3 Qb4 18. Qxc6 Bb7 19. Qb5 Qxb5 20.
Nxb5 a6 21. Nc3 Rfd8 22. Rxd8+ Rxd8 23. Rd1 Rxd1+ 24. Nxd1 Be4 25. Nc3 Bc6 26.
Kf1 h6 27. g3 Bf3 28. Ke1 f5 29. Kd2 g5 30. Kd3 e5 31. b4 f4 32. Bc5 h5 33. Bd6
fxg3 34. fxg3 h4 35. gxh4 1-0

[Event "Aktiv-Alliancen 2001"]
[Site "Taastrup"]
[Date "2001.01.27"]
[Round "5"]
[White "Nikolaisen, Oluf"]
[Black "Lauritsen, Martin Lee"]
[Result "0-1"]
[WhiteElo "1311"]
[BlackElo "1166"]
[PlyCount "142"]
[EventDate "2001.??.??"]

1. e4 c5 2. Nf3 Nc6 3. Nc3 d6 4. h3 g6 5. a3 Bg7 6. Bc4 e6 7. d3 Nge7 8. Ne2
O-O 9. c3 d5 10. exd5 exd5 11. Ba2 Re8 12. O-O Nf5 13. Bg5 Qd6 14. Re1 h6 15.
Bf4 Qd8 16. Qd2 Be6 17. Ng3 g5 18. Nxf5 Bxf5 19. Rxe8+ Qxe8 20. Bg3 Rd8 21. Re1
Qd7 22. Be5 Re8 23. d4 c4 24. Re3 f6 25. Bg3 Kf7 26. b3 b5 27. Nh2 h5 28. Rxe8
Qxe8 29. h4 g4 30. a4 a6 31. Kf1 Kg6 32. f3 Bh6 33. f4 Bd3+ 34. Kg1 Qe2 35.
Qxe2 Bxe2 36. Nf1 Bd3 37. Nd2 Kf5 38. Kf2 Bxf4 39. Bxf4 Kxf4 40. g3+ Kf5 41.
axb5 axb5 42. b4 Ke6 43. Bb1 Bxb1 44. Nxb1 Kf5 45. Ke3 Ke6 46. Kf4 Na7 47. Na3
Ke7 48. Nc2 Nc8 49. Ne3 Ke6 50. Nf5 Ne7 51. Ng7+ Kf7 52. Nxh5 Kg6 53. Kxg4 f5+
54. Kf4 Kxh5 55. Ke5 Kg4 56. Ke6 Ng8 57. Kxd5 Kxg3 58. Ke5 f4 59. d5 f3 60. d6
Nh6 61. Ke6 f2 62. d7 f1=Q 63. d8=Q Qe1+ 64. Kf6 Ng4+ 65. Kf7 Qxc3 66. h5 Qf3+
67. Kg7 c3 68. Qg5 c2 69. h6 Qc3+ 70. Kg6 c1=Q 71. Qxb5 Qf6+ 0-1

[Event "Aktiv-Alliancen 2001"]
[Site "Taastrup"]
[Date "2001.01.27"]
[Round "5"]
[White "Skjoldan, Benjamin"]
[Black "Madsen, Ole Bang"]
[Result "1-0"]
[WhiteElo "1677"]
[BlackElo "1413"]
[PlyCount "57"]
[EventDate "2001.??.??"]

1. d4 Nf6 2. Nf3 d5 3. c4 b6 4. Nc3 Bb7 5. Bf4 Nbd7 6. Nb5 Rc8 7. Nxa7 Ra8 8.
Nb5 Rc8 9. e3 e6 10. a3 Be7 11. b4 dxc4 12. Bxc4 Nh5 13. Bxc7 Rxc7 14. Nxc7+
Qxc7 15. Rc1 Bxf3 16. Qxf3 Nhf6 17. O-O Qb8 18. Ba6 O-O 19. Rc3 Nd5 20. Rb3 Qc7
21. e4 Qa7 22. exd5 Qxa6 23. dxe6 fxe6 24. Qc6 Nf6 25. Qxe6+ Rf7 26. Rc3 Ne8
27. Rc8 Kf8 28. d5 Qb7 29. d6 1-0

[Event "Aktiv-Alliancen 2001"]
[Site "Taastrup"]
[Date "2001.01.27"]
[Round "6"]
[White "Pallesen, Jacob"]
[Black "Lund, Silas"]
[Result "0-1"]
[WhiteElo "2108"]
[BlackElo "2261"]
[PlyCount "68"]
[EventDate "2001.??.??"]

1. d4 Nf6 2. Nf3 c5 3. e3 e6 4. Bd3 d5 5. c3 Nc6 6. O-O Bd6 7. Nbd2 cxd4 8.
exd4 O-O 9. Re1 Qc7 10. Nf1 e5 11. dxe5 Nxe5 12. Nxe5 Bxe5 13. Bg5 Ng4 14. g3
h6 15. Be3 Nxe3 16. Nxe3 d4 17. cxd4 Bxd4 18. Bh7+ Kxh7 19. Qxd4 Be6 20. b3
Rfd8 21. Qe4+ Kh8 22. Rac1 Qb6 23. Rc2 a5 24. Ree2 Rd4 25. Qe5 a4 26. Qc5 Qd8
27. b4 Rc8 28. Qb5 Bh3 29. f3 Rd1+ 30. Kf2 Rxc2 31. Nxc2 Rf1+ 32. Ke3 Qe7+ 33.
Kd2 Qd6+ 34. Qd3 Rd1+ 0-1

[Event "Aktiv-Alliancen 2001"]
[Site "Taastrup"]
[Date "2001.01.27"]
[Round "6"]
[White "Schmidt, Horst Hubert"]
[Black "Nielsen, Borge Hjerrild"]
[Result "0-1"]
[WhiteElo "2025"]
[BlackElo "2125"]
[PlyCount "112"]
[EventDate "2001.??.??"]

1. d4 d5 2. Nc3 c6 3. Nf3 Nf6 4. Bg5 Ne4 5. Qd3 Nxg5 6. Nxg5 g6 7. e4 dxe4 8.
Qxe4 Bg7 9. O-O-O h6 10. Nf3 Nd7 11. Bc4 Nf6 12. Qe2 e6 13. d5 cxd5 14. Nxd5
Nxd5 15. Bxd5 Qb6 16. Bb3 O-O 17. g4 Qc7 18. Kb1 Bd7 19. h4 Bc6 20. Rh3 Rad8
21. Re1 Qf4 22. h5 Qxg4 23. Rg3 Bxf3 24. Qxf3 Qxf3 25. Rxf3 g5 26. Kc1 Rd4 27.
Rh1 Be5 28. c3 Bf4+ 29. Kb1 Rd2 30. Rg1 e5 31. a4 Kg7 32. c4 f5 33. Rf1 Kf6 34.
c5 Rc8 35. Rc3 g4 36. a5 e4 37. Bc2 Kg5 38. b4 Kxh5 39. b5 Rd5 40. a6 bxa6 41.
Bb3 Rdxc5 42. Bf7+ Kg5 43. Rxc5 Rxc5 44. bxa6 Rc6 45. Rh1 Rxa6 46. Rh5+ Kf6 47.
Bc4 Rc6 48. Bd5 Rc1+ 49. Kb2 Kg6 50. Bf7+ Kf6 51. Be8 Rf1 52. Bd7 Rxf2+ 53. Kc3
Bg5 54. Bc8 g3 55. Rh1 g2 56. Rg1 Be3 0-1

[Event "Aktiv-Alliancen 2001"]
[Site "Taastrup"]
[Date "2001.01.27"]
[Round "6"]
[White "Nilsson, Nils Specht"]
[Black "Karlsen, Arne"]
[Result "0-1"]
[WhiteElo "2214"]
[BlackElo "2017"]
[PlyCount "110"]
[EventDate "2001.??.??"]

1. d4 Nf6 2. c4 c6 3. Bg5 Qa5+ 4. Qd2 Qc7 5. Nc3 e6 6. Bxf6 gxf6 7. e4 e5 8.
Nge2 d6 9. d5 h5 10. f4 Bh6 11. Rd1 c5 12. h3 h4 13. Nb5 Qe7 14. Qa5 b6 15. Qa4
Kf8 16. f5 Na6 17. Rd3 Bb7 18. a3 Qd7 19. Qd1 Nc7 20. Nxc7 Qxc7 21. Nc3 a6 22.
Be2 b5 23. cxb5 axb5 24. Nxb5 Qa5+ 25. Nc3 Qb6 26. Qc2 Rg8 27. Bg4 Ke7 28. Ne2
Ba6 29. Rb3 Qa5+ 30. Qc3 Qa4 31. Bf3 Rab8 32. Rxb8 Rxb8 33. b4 Rc8 34. Kf2 Qb5
35. Rb1 cxb4 36. Qxb4 Qd3 37. Ke1 Bd2+ 38. Qxd2 Qxb1+ 39. Kf2 Bxe2 40. Bxe2
Qxe4 41. Qb4 Qxf5+ 42. Ke3 Qg5+ 43. Kd3 Qc1 44. Qb3 f5 45. Bd1 e4+ 46. Ke2 Qc4+
47. Qxc4 Rxc4 48. a4 Kf6 49. Kf2 Ke5 50. a5 Rb4 51. a6 Rb2+ 52. Ke1 Ra2 53. Be2
Kxd5 54. Bh5 Rxa6 55. Bxf7+ Kd4 0-1

[Event "Aktiv-Alliancen 2001"]
[Site "Taastrup"]
[Date "2001.01.27"]
[Round "6"]
[White "Petersen, Nils"]
[Black "Nielsen, Michael"]
[Result "1/2-1/2"]
[WhiteElo "2039"]
[BlackElo "1739"]
[PlyCount "57"]
[EventDate "2001.??.??"]

1. c4 Nf6 2. Nc3 c6 3. e4 d5 4. exd5 cxd5 5. d4 e6 6. Nf3 Nc6 7. Bf4 Nh5 8. Be3
Be7 9. Be2 dxc4 10. Ne5 Nf6 11. Nxc6 bxc6 12. Bxc4 Nd5 13. Nxd5 cxd5 14. Bb5+
Bd7 15. Qa4 Bxb5 16. Qxb5+ Qd7 17. Qxd7+ Kxd7 18. O-O Rab8 19. Rab1 Rhc8 20.
Rfc1 Rxc1+ 21. Bxc1 Bf6 22. Be3 Rb4 23. a3 Rb3 24. Kf1 Be7 25. g3 a5 26. a4 Bb4
27. Ke2 Be7 28. Bd2 Bf6 29. Bc3 1/2-1/2

[Event "Aktiv-Alliancen 2001"]
[Site "Taastrup"]
[Date "2001.01.27"]
[Round "6"]
[White "Foslund, Peter"]
[Black "Tolstrup, Thomas"]
[Result "0-1"]
[WhiteElo "1649"]
[BlackElo "1948"]
[PlyCount "102"]
[EventDate "2001.??.??"]

1. c4 c5 2. b3 Nc6 3. Nc3 g6 4. Bb2 Bg7 5. Rb1 e5 6. Nf3 Nge7 7. g3 d5 8. cxd5
Nxd5 9. Nxd5 Qxd5 10. Bg2 O-O 11. O-O Qd6 12. d3 Rb8 13. Nd2 Bd7 14. Rc1 b6 15.
Nc4 Qe7 16. f4 Rfe8 17. Bxc6 Bxc6 18. fxe5 Rbd8 19. a4 Bd5 20. Qc2 Qg5 21. Rf4
Re7 22. Rcf1 Rdd7 23. e4 Bxc4 24. Qxc4 Bxe5 25. Bxe5 Qxe5 26. Kg2 Rd4 27. Qc2
Red7 28. R1f3 Kg7 29. h4 Qd6 30. Qc3 Kg8 31. Rf6 Qf8 32. Re3 Kg7 33. Ref3 Qd8
34. R6f4 Kg8 35. Kf2 Rxd3 36. Rxd3 Rxd3 37. Qc4 Rd2+ 38. Ke3 Qd4+ 39. Qxd4 Rxd4
40. e5 Rxf4 41. gxf4 Kf8 42. Ke4 Ke7 43. Kd5 Kd7 44. a5 h6 45. a6 h5 46. Ke4
Ke6 47. f5+ gxf5+ 48. Kf4 b5 49. Kg5 c4 50. bxc4 bxc4 51. Kf4 Kd5 0-1

[Event "Aktiv-Alliancen 2001"]
[Site "Taastrup"]
[Date "2001.01.27"]
[Round "6"]
[White "Zyde, Fadmal"]
[Black "Hau, Helge"]
[Result "1/2-1/2"]
[WhiteElo "1700"]
[BlackElo "1479"]
[PlyCount "86"]
[EventDate "2001.??.??"]

1. e4 e6 2. d4 d5 3. e5 g6 4. Nf3 Bh6 5. Bxh6 Nxh6 6. Be2 Nf5 7. c3 a6 8. Qd2
Nd7 9. g4 Nh4 10. Qh6 Nxf3+ 11. Bxf3 Qe7 12. g5 Qf8 13. Qh4 Nb6 14. Nd2 Bd7 15.
Be2 O-O-O 16. Qg3 h6 17. f4 Rh7 18. h4 hxg5 19. fxg5 Bb5 20. Bd1 Kb8 21. a4 Bd7
22. b3 Nc8 23. b4 Ne7 24. Bg4 Qe8 25. a5 Nf5 26. Bxf5 gxf5 27. h5 Qh8 28. h6
Rg8 29. Qe3 Rg6 30. Nf3 Qg8 31. Kd2 Bb5 32. Rag1 Qe8 33. Nh4 Qc6 34. Nxg6 fxg6
35. Ke1 Qc4 36. Kf2 Kc8 37. Kg3 Kd8 38. Kf4 Ke8 39. Rh2 Kf8 40. Rf2 Kg8 41. Rg3
Kf8 42. Qd2 Kg8 43. Qa2 Qc6 1/2-1/2

[Event "Aktiv-Alliancen 2001"]
[Site "Taastrup"]
[Date "2001.01.27"]
[Round "6"]
[White "Bekker Jensen, Dorte"]
[Black "Pedersen, Bent O"]
[Result "0-1"]
[WhiteElo "1217"]
[BlackElo "1696"]
[PlyCount "82"]
[EventDate "2001.??.??"]

1. d4 e6 2. c4 f5 3. Nc3 Nf6 4. Nf3 d5 5. Bg5 c6 6. e3 Be7 7. Ne5 O-O 8. Be2
Qe8 9. O-O Nbd7 10. Nd3 dxc4 11. Nf4 Nb6 12. Bxf6 Bxf6 13. Nh5 e5 14. Nxf6+
Rxf6 15. dxe5 Qxe5 16. Qd8+ Rf8 17. Qh4 Be6 18. Rfd1 f4 19. exf4 Qxf4 20. Rd4
Qxh4 21. Rxh4 Rad8 22. Rd1 Rxd1+ 23. Nxd1 Rd8 24. a3 Na4 25. Kf1 b5 26. Ke1 Nc5
27. Bf3 Bd5 28. Bxd5+ cxd5 29. Rh5 Nd3+ 30. Kd2 d4 31. Rxb5 Rc8 32. f3 Nc5 33.
Nf2 Na4 34. Kc2 d3+ 35. Kd1 Nxb2+ 36. Rxb2 c3 37. Nxd3 cxb2 38. Nxb2 Kf7 39.
Kd2 Ke6 40. f4 Rc5 41. g3 Ra5 0-1

[Event "Aktiv-Alliancen 2001"]
[Site "Taastrup"]
[Date "2001.01.27"]
[Round "6"]
[White "Al Saad, Mofid"]
[Black "Jensen, Jan Kargaard"]
[Result "0-1"]
[WhiteElo "1515"]
[BlackElo "1502"]
[PlyCount "88"]
[EventDate "2001.??.??"]

1. c4 Nf6 2. Nc3 d5 3. d4 g6 4. Nf3 Bg7 5. g3 O-O 6. Bg2 c5 7. e3 Nc6 8. cxd5
Nxd5 9. e4 Nxc3 10. bxc3 cxd4 11. cxd4 Nxd4 12. Nxd4 Bxd4 13. Rb1 Bc3+ 14. Ke2
Qa5 15. a4 Rd8 16. Qb3 Qa6+ 17. Qb5 Be6 18. Qxa6 bxa6 19. Bf4 Bc4+ 20. Kf3 e5
21. Bg5 Rd3+ 22. Be3 Bd4 23. Rhd1 Ra3 24. Rb4 Bxe3 25. fxe3 Be6 26. Rdb1 Rc8
27. Rb8 Rxb8 28. Rxb8+ Kg7 29. Rb4 h5 30. h3 Kf6 31. Kf2 a5 32. Rb7 Ra2+ 33.
Kg1 Rxa4 34. Rxa7 Ra1+ 35. Kf2 a4 36. h4 a3 37. Ra6 a2 38. Bh3 Rh1 39. Bxe6
fxe6 40. Kg2 a1=Q 41. Rxa1 Rxa1 42. Kf2 g5 43. hxg5+ Kxg5 44. Kf3 Ra3 0-1

[Event "Aktiv-Alliancen 2001"]
[Site "Taastrup"]
[Date "2001.01.27"]
[Round "6"]
[White "Holtzmann, Sonny"]
[Black "Nielsen, Jens Holm"]
[Result "1/2-1/2"]
[WhiteElo "1665"]
[BlackElo "2071"]
[PlyCount "70"]
[EventDate "2001.??.??"]

1. Nf3 d5 2. g3 Bf5 3. Bg2 Nf6 4. O-O h6 5. d3 c6 6. Nbd2 Nbd7 7. Re1 e5 8. e4
dxe4 9. dxe4 Bh7 10. c3 Qc7 11. Qc2 Be7 12. a4 a5 13. Bf1 O-O 14. Rb1 Rfd8 15.
b4 Nb6 16. b5 Bc5 17. h3 Ne8 18. Nc4 Nxc4 19. Bxc4 cxb5 20. Bxb5 Nf6 21. Nd2 b6
22. Rb3 Rac8 23. Ba6 Ra8 24. Bb5 Qe7 25. Kg2 Rac8 26. f3 Ne8 27. Qb2 Nd6 28.
Nc4 Nxc4 29. Bxc4 Kh8 30. Bd5 f5 31. Be3 fxe4 32. fxe4 Bxe3 33. Rxe3 Qc5 34. c4
Re8 35. Re2 Bg8 1/2-1/2

[Event "Aktiv-Alliancen 2001"]
[Site "Taastrup"]
[Date "2001.01.27"]
[Round "6"]
[White "Sandbech, Ted"]
[Black "Auchenberg, Per"]
[Result "0-1"]
[WhiteElo "1691"]
[BlackElo "1834"]
[PlyCount "138"]
[EventDate "2001.??.??"]

1. Nf3 f5 2. d4 Nf6 3. c4 e6 4. Nc3 Bb4 5. Bd2 b6 6. e3 Bb7 7. Be2 O-O 8. O-O
a5 9. a3 Bxc3 10. Bxc3 Ne4 11. Rc1 d6 12. b4 axb4 13. axb4 Ra2 14. Rc2 Nxc3 15.
Rxc3 Nd7 16. c5 Bd5 17. c6 Nf6 18. Bc4 Bxc4 19. Rxc4 Nd5 20. Qb3 Qa8 21. b5 h6
22. h3 Qa5 23. Rb1 Ra8 24. Rc2 Ra3 25. Qc4 Ra4 26. Qf1 Nc3 27. Rbb2 Ra1 28. Rc1
Rxc1 29. Qxc1 Qa1 30. Qxa1 Rxa1+ 31. Kh2 Ra5 32. Nd2 d5 33. Nf3 Nxb5 34. Ne5
Nd6 35. Nd7 Ra8 36. Nxb6 cxb6 37. Rxb6 Nc4 38. Rb7 Rc8 39. c7 Kh7 40. Ra7 Nd6
41. Ra6 Nf7 42. Rc6 g6 43. Kg3 Kg7 44. f3 Ng5 45. Kf4 Kf6 46. h4 Nf7 47. e4 g5+
48. hxg5+ hxg5+ 49. Ke3 Ke7 50. exd5 exd5 51. g3 Nd6 52. Rc5 Ke6 53. Rc6 Kd7
54. Rc5 Rxc7 55. Rxd5 Rc3+ 56. Ke2 Ke6 57. Re5+ Kf6 58. Ra5 g4 59. fxg4 fxg4
60. Ra6 Ke6 61. Kf2 Rf3+ 62. Kg2 Rd3 63. Ra4 Kd5 64. Rb4 Rxd4 65. Rxd4+ Kxd4
66. Kf2 Ke4 67. Ke2 Nf5 68. Kf2 Kd3 69. Kg2 Ke2 0-1

[Event "Aktiv-Alliancen 2001"]
[Site "Taastrup"]
[Date "2001.01.27"]
[Round "6"]
[White "Moller, Arne Vagn"]
[Black "Carlsen, Tonny"]
[Result "1-0"]
[WhiteElo "2026"]
[BlackElo "1443"]
[PlyCount "87"]
[EventDate "2001.??.??"]

1. e4 Nf6 2. e5 Nd5 3. d4 d6 4. exd6 exd6 5. Nf3 Bg4 6. Be2 Be7 7. O-O Nc6 8.
c4 Nb6 9. b3 O-O 10. Be3 Bf6 11. Nc3 Re8 12. Qd2 Ne7 13. Ne4 Nf5 14. Nxf6+ Qxf6
15. Bg5 Qe6 16. Rfe1 f6 17. Bf4 Qf7 18. a4 Re4 19. Bd3 Ree8 20. a5 Nd7 21. a6
b6 22. Qc2 Bxf3 23. Bxf5 g6 24. Bh3 g5 25. Bg3 Bh5 26. Bf5 Bg6 27. b4 Bxf5 28.
Qxf5 Rxe1+ 29. Rxe1 Re8 30. Rxe8+ Qxe8 31. h4 gxh4 32. Bxh4 Qf7 33. c5 dxc5 34.
bxc5 bxc5 35. dxc5 c6 36. Bg3 Qe7 37. Bd6 Qe8 38. Qg4+ Kh8 39. g3 Qc8 40. Qe6
Qxa6 41. Qxd7 Qa4 42. Qf7 h5 43. Qxf6+ Kh7 44. Qf7+ 1-0